Emblèmes de Pays - 2 - Statistiques

Statistiques générales
  • Ce quiz a été pris 139 fois
  • Le résultat moyen est 12 sur 16
Statistiques - réponses
Par images Réponse % Correct
Portugal
98%
Viêt Nam
96%
Égypte
95%
Espagne
93%
Argentine
92%
Mozambique
91%
Grèce
89%
Ouzbékistan
85%
Bolivie
83%
Irlande
74%
Namibie
65%
Laos
62%
Pérou
59%
Bhoutan
53%
Botswana
49%
Suède
38%
Aucun quiz correspondant
Distribution des résultats
% des personnes avec chaque résultat
Percentile par nombre de réponses
Votre historique - résultats
Vous n’avez pas pris ce quiz